MDQL
is popping MORE tags! Check the
thread
!
Quizzes
Events
Quiz Creation
Community
Videos
Private Events
Remove Ads
Sign In
Join for FREE
Feedback
Dark Mode
Quiz Categories
Sports
Geography
Music
Movies
Television
Just For Fun
Miscellaneous
History
Literature
Language
Science
Gaming
Entertainment
Religion
Holiday
For Kids
Quiz Lab
Recent
Popular Today
Quiz Kudos Today
Editor Picks
Curator Picks
Quizzes by...
Day
Popularity
Type
Ratings
Length
Year
Community
Subscriptions
Recent Discussions
Orange Saloon
Badges
Playlists
Quests
Create
Leaderboards
Showdown
Live 5
Trivia Bingo
Activity
Puzzle Library
Sporcle Events
Private Events
Virtual Trivia
Globe League
Become a Host
Pub Owners
SporcleCon
Opinionation
Our Games
Videos
Blog
Mobile Apps
Partnerships
Remove Ads and Go Orange
Feedback
Television
TV Characters
TV Show
Sitcom
Network
Friends
Reality Shows
Cast
South Park
Star Trek
The Simpsons
Doctor Who
Television
TV Characters
TV Show
Sitcom
Network
Friends
Reality Shows
Cast
South Park
Star Trek
The Simpsons
Doctor Who
Random Quiz
Search Sporcle
×
Quiz Lab
Quiz Lab
Television
Pokémon
Type in answers that appear in a list
Type in answers that appear in a list
Classic
Best Score? Go Orange.
Pokémon Relationships Stats
Can you name the Pokémon Relationships?
By
POKEMONlover13
12m
13 Questions
70 Plays
70 Plays
70 Plays
Comments
Comments
Give Quiz Kudos
Give Quiz Kudos
-
- Ratings
hide this ad
Replay
Link that replays current quiz
Next Quiz
Link to next quiz in quiz playlist
You Got
0%
They Got
Avg Score
73%
Avg Friend Score
Upgrade to see
Score Distribution
Jump to the score distribution portion of the page
Score
0/13
Timer
12:00
0
Plays Today
Relationship
Character
% Correct
The Main Character
Ash Ketchum
100%
The Prof. Friend's Grandson
Gary Oak
94.3%
The Prof's Grandson's eeveelution's pre-
evolution
Eevee
94.3%
The Main Character's mother's prof. friend
Professor Samuel Oak
91.4%
The Prof's Grandson's eeveelution
Umbreon
88.6%
Grandson's Eeveelution's pre-
evolution's fellow starter pokemon
Squirtle
78.6%
fellow starter pokemon's evolution
Wartortle
71.4%
Fellow starter pokemon's evolution's trainer in the hoenn region
May
70%
Trainer in the hoenn region's little brother
Max
70%
The Main Character's mother's Mr. Mime
Mimey
67.1%
The Main Character's mother
Delia Ketchum
65.7%
Trainer in the hoenn regions little brother's father
Norman
58.6%
5.7%
Quiz Playlist
Details
Report
Send in Message
Add To Playlist
Classic:
Type in answers that appear in a list
Last Updated: Feb 16, 2017
Quiz Scoreboard
CHALLENGE
Sign Up to Join the Scoreboard
Show All
Scores
Hide
Comments
May contain spoilers
Recently Published
Colored Red Africa Blitz
by spor1
Geography
30s
Find the 'City' Movie
by crazypaving
Movies
60s
5x2 Blitz: Bands
by SL_Kpop136
Music
30s
More to Explore
Quiz From the Vault
Featured Blog Post
14 Easter Pick-up Lines to Find Eggs With
hide this ad
You Might Also Like...
Tags
Pokémon Quiz
Person
relationship
Today's Top Quizzes in Television
Browse Television
hide this ad
Today's Top Quizzes in Pokémon
Browse Pokémon
Top Contributed Quizzes in Television
1
Survivor Journey Challenge
2
Survivor Logic Puzzle: Heroes vs. Villains
3
One Tree Hill Logic Puzzle
4
Phoebe Buffay Quotes
5
Game of Thrones: Tywin Lannister Start to Finish
6
Brooklyn Nine Nine Logic Puzzle (How-To-Play)
7
A Series of Unfortunate Events: Netflix Character Chain
8
All US Survivor Seasons in Order
9
Survivor: Criteria Castaways
10
A Series of Unfortunate Events: S3 Character Chain
Explore More
Trending Topics
Disney
Marvel
Harry Potter
NBA
Anime
Crossword
Kpop
Puzzle
The Office
Pokémon
WWE
Song
Country
Soccer
NFL
hide this ad
More By:
POKEMONlover13
Quiz
Plays
Rating
Category
Featured
Created
'Smelly Cat' Lyrics
50,226
4.53
Television
Jan 8, 2013
Naruto Murder Mystery!
42,982
2.63
Just For Fun
May 1, 2014
Total Drama Eliminations!
6,532
3.11
Television
Jul 12, 2012
'Uma Thurman' Lyrics by Fall Out Boy
6,320
4.52
Music
Jun 4, 2015
Hunger Games Character or Youtuber?
6,018
4.84
Just For Fun
Jan 8, 2016
Go to Creator's Profile
Score Distribution
Quiz Creator Spotlight
POKEMONlover13
Follow
Send a Message
Quizzes Created
-
Created Quiz Play Count
-
More By This Creator
Popular Quizzes Today
1
5x2 Blitz: Bands
2
Find the 'City' Movie
3
Find the US States - No Outlines Minefield
4
Colored Red Africa Blitz
5
The Countries of the World
6
Find the US States
7
9x9 Crossword: Cartoon Network
8
Risky Map Clicking: Biggest States A-Z
More Television Quizzes
'K' Cartoon Villains
Curator's Pick
Trending Quizzes
Colored Red Africa Blitz II
Colored Red Europe Blitz I
Find the 'Dark' Movie
Find the 'Day' Movie
Find the 'Good' Movie
Recently Updated
Champions League XIs: Real Madrid
pecheneg
Largest US Cities 1790-2010
pecheneg
Rides in Walt Disney World
pecheneg
Most Oscar Losses (Acting)
pecheneg
Beyoncé Albums
pecheneg
Leaping Animals
pecheneg
Reality TV Shows (A-Z)
bhenderson79
Rickey Henderson's Hall of Fame Teammates
pecheneg
Champions League XIs: Arsenal
pecheneg
Quick Pick: Celebrities in WWE's Hall of Fame
aduchscher
Trending Topics
Disney
Marvel
Anime
NBA
Kpop
Crossword
Harry Potter
Puzzle
Pokémon
Country
NFL
WWE
Song
The Office
Soccer
Your Account Isn't Verified!
In order to create a playlist on Sporcle, you need to verify the email address you used during registration. Go to your
Sporcle Settings
to finish the process.
Report this User
Report this user for behavior that violates our
Community Guidelines
.
Details:
Send Report
Go to the Sporcle.com Mobile Site →
Comments